000 00605cam a2200181 a 4500
040 _cDLC
082 _a338 CDR 2011 C146 Or.
100 1 _aKem, Sothorn.
245 1 0 _aPolicy coherence in agricultural and rural development :
_bCambodia /
260 _aPhnom Penh :
_bCDRI,
_c2011.
300 _avii, 68 p. :
_bill. (some col.) ;
_c30 cm.
490 1 _aCDRI working paper series ;
500 _a"July 2011."
650 0 _aAgriculture and state
650 0 _aRural development
710 2 _aVidyāsthān Paṇṭuḥ Paṇṭāl niṅ Srāvjrāv ṭoempī Qabhivaḍḍhn ̊Kambujā.
942 _cAEDBB
999 _c18461
_d18461